Inžinierska štatistika : Vybrané kapitoly

Na minha lista:
Detalhes bibliográficos
Autor principal: Gattnarová, Eva (Author)
Formato: Livro
Idioma:eslovaco
Publicado em: Bratislava : SVŠT v Bratislave, 1985
Tags: Adicionar Tag
Sem tags, seja o primeiro a adicionar uma tag!

MARC

LEADER 00000nam a22000003a 4500
001 stu74623
005 20150617225647.4
008 020306s1985----cs------------------slo-d
040 |a STU  |b slo 
041 0 |a slo 
044 |a cs 
080 |a 519.21(075.8) 
100 1 |a Gattnarová, Eva  |4 aut 
245 1 |a Inžinierska štatistika :  |b Vybrané kapitoly 
260 |a Bratislava :  |b SVŠT v Bratislave,  |c 1985 
300 |a 155 s. Tab.,lit 
500 |a (Dočasná vysokoškolská učebnica) 
996 |b CS72625  |c C*S72625  |l CCXIV  |s P  |a 0  |w stu74623_0001 
996 |b CS72626  |c C*S72626  |l CCXIV  |s P  |a 0  |w stu74623_0002